Central Library OPAC University of Rajshahi

British cut and thrust weapons. / (Record no. 7387)

MARC details
000 -LEADER
fixed length control field 00755cam a2200265 a 4500
001 - CONTROL NUMBER
control field 7387
003 - CONTROL NUMBER IDENTIFIER
rucl marc code BD-RjUL
005 - DATE AND TIME OF LATEST TRANSACTION
control field 20211208234416.0
008 - FIXED-LENGTH DATA ELEMENTS--GENERAL INFORMATION
fixed length control field 140113s1971 enka b 001 0 eng
020 ## - INTERNATIONAL STANDARD BOOK NUMBER
International Standard Book Number 0715353519
035 ## - SYSTEM CONTROL NUMBER
System control number (BD-RjUL)7430
040 ## - CATALOGING SOURCE
Original cataloging agency LC
Language of cataloging eng
Transcribing agency LC
Modifying agency LC
-- BD-RjUL
041 ## - LANGUAGE CODE
Language code of text/sound track or separate title eng
082 00 - DEWEY DECIMAL CLASSIFICATION NUMBER
Classification number 355.82
Author mark and year WIB 1971
100 1# - MAIN ENTRY--PERSONAL NAME
Personal name Wilkinson-Latham, John.
9 (RLIN) 23091
245 10 - TITLE STATEMENT
Title British cut and thrust weapons. /
Statement of responsibility, etc. by Wilkinson-Latham, John.
260 ## - PUBLICATION, DISTRIBUTION, ETC. (IMPRINT)
Place of publication, distribution, etc. Newton Abbot :
Name of publisher, distributor, etc. David and Charles,
Date of publication, distribution, etc. 1971.
300 ## - PHYSICAL DESCRIPTION
Pagination 112 p. :
Illustrations illus.
Size 26 cm.
504 ## - BIBLIOGRAPHY, ETC. NOTE
Bibliography, etc Bibliography: p. 109.
650 #0 - SUBJECT ADDED ENTRY--TOPICAL TERM
Topical term or geographic name as entry element Weapons
Geographic subdivision Great Britain.
9 (RLIN) 23092
Topical term or geographic name as entry element Swords
Geographic subdivision Great Britain.
9 (RLIN) 23093
942 ## - ADDED ENTRY ELEMENTS (KOHA)
Source of classification or shelving scheme Dewey Decimal Classification
Koha item type Books
Holdings
Lost status Source of classification or shelving scheme Damaged status Not for loan Collection code Permanent Location Current Location Shelving location Date acquired Source of acquisition Cost, normal purchase price Total Checkouts Full call number Date last seen Copy number Koha item type
  Dewey Decimal Classification   Not For Loan Non-fiction Central Library, University of Rajshahi Central Library, University of Rajshahi   25/11/1975 Gonathan & co. 3.25   355.82 WIB 1971 13/01/2014 C-1 Books